| 000 | 01962nam0a2200409 4500 | ||
|---|---|---|---|
| 001 | RU\NLR\bibl\828051 | ||
| 005 | 20260405142939.0 | ||
| 010 |
_a5-7032-0554-9 _bв обл. _91000 |
||
| 021 |
_aRU _b2005-16247 _9827 |
||
| 035 | _aRSL-KNO-002586880 | ||
| 035 | _a(NLR Aleph) 000816942 | ||
| 090 |
_a1276726 _c1276726 |
||
| 100 | _a20050401d2005 |||y0rusy50 ca | ||
| 101 | 0 | _arus | |
| 102 | _aRU | ||
| 105 | _aa ||||||||| | ||
| 106 | _ar | ||
| 200 | 1 |
_aГастроэзофагеальная рефлюксная болезнь и дуоденогастральный рефлюкс _fС.С. Белоусов, С.В. Муратов, А.М. Ахмад _gВоен.-мед. ин-т ФСБ РФ |
|
| 210 |
_aНижний Новгород _cИзд-во НГМА _d2005 |
||
| 215 |
_a118, [1] с. _cил. _d20 |
||
| 320 | _aБиблиогр.: с. 111-117 (98 назв.) | ||
| 606 | 1 |
_aГастроэзофагальный рефлюкс _92065354 _3RU\NLR\auth\661239876 |
|
| 606 | 1 |
_aДуоденогастральный рефлюкс _91029254 _3RU\NLR\auth\66394477 |
|
| 610 | 0 | _aЗдравоохранение. Медицинские науки -- Хирургия -- Абдоминальная хирургия -- Хирургическая патология желудка и двенадцатиперстной кишки -- Рефлюкс-эзофагит -- Учебник для высшей школы | |
| 686 |
_aР457.465.2-32,0 _2rubbk |
||
| 686 | _aР413.1 | ||
| 686 | _aР413.2 | ||
| 700 | 1 |
_aБелоусов _bС. С. _gСергей Сергеевич _4070 |
|
| 701 | 1 |
_aМуратов _bС. В. _gСергей Васильевич _4070 |
|
| 701 | 1 |
_4070 _8rus _7ca _aМохаммад _bА. А. _gАхмад Абдулхамид _3RU\NLR\auth\7758746 _941678 |
|
| 801 | 0 |
_aRU _bRuMoRKP _c20050401 _grcr |
|
| 801 | 1 |
_aRU _bRuMoRGB _c20050401 |
|
| 801 | 2 |
_aRU _bNLR _c20050804 _gPSBO |
|
| 942 | _cBOOK | ||
| 980 | _aNB | ||
| 980 | _aNBR | ||